| 000 | 00651nam a2200217 a 4500 | ||
|---|---|---|---|
| 005 | 20210219152826.0 | ||
| 008 | 991125n 000 0 eng u | ||
| 035 | _aUPN01000062519 | ||
| 100 | 1 | _aCraig, Holly K. | |
| 100 | 1 | _aWashington, Julie A. | |
| 222 | 0 | _aJOURNAL OF SPEECH, LANGUAGE, AND HEARING RESEARCH | |
| 245 | 0 | 0 | _aAccess behaviors of children with specific language impairment |
| 260 | _aEstados Unidos | ||
| 300 | _a322-337 | ||
| 362 | 0 | _a1993 Vol. 36, no. 2 | |
| 653 | 0 | _aCAPACIDAD INTERPERSONAL | |
| 653 | 0 | _aDESVENTAJAS EN EL LENGUAJE | |
| 653 | 0 | _aRELACION ENTRE COMPAĆEROS | |
| 904 |
_aAC _b000330 |
||
| 905 | _aArticulo | ||
| 999 |
_c61765 _d61765 |
||